Most Popular Boys Names in California - Statistics

General Stats
  • This quiz has been taken 131 times
  • The average score is 8 of 15
Answer Stats
Hint Answer % Correct
first appeared 1980 Michael
77%
first appeared 1980 David
68%
first appeared 1990 Jose
68%
first appeared 1981 Matthew
68%
first appeared 1980 Daniel
61%
first appeared 2001 Jacob
60%
first appeared 1999 Andrew
57%
first appeared 2005 Joshua
57%
first appeared 1980 Christopher
55%
first appeared 2009 Alexander
52%
first appeared 2012 Ethan
49%
first appeared 1980 Jason
38%
first appeared 1997 Anthony
37%
first appeared 2011 Jayden
31%
first appeared 2005 Angel
8%
No matching quizzes found
Score Distribution
Percent of People with Each Score
Percentile by Number Answered
Your Score History
You have not taken this quiz